'H' in Europe Quiz Stats

Quiz Updated May 19, 2016

Also try: 'G' in Europe
Challenge
Share
Tweet
Embed
Score 0/16 Timer 05:00
2 Plays Today
Hint Answer % Correct
Which port on the Elbe River is the second largest city in Germany?Hamburg
93.5%
What country's currency is the forint?Hungary
79.5%
Which town in East Sussex, England gives its name to a famous battle fought in 1066?Hastings
75.5%
Which wall in northern England marked the northern boundary of the Roman Empire?Hadrian's Wall
73.8%
Which capital city is the only one in Europe to start with 'H'?Helsinki
69.8%
What is the official name of Greece?Hellenic Republic
60.9%
Which Greek island in the Aegean Sea shares its name with a constellation and a many-headed mythological monster?Hydra
57.6%
Which former Greek church, later a mosque and now a museum, can be found in Istanbul?Hagia Sophia
48.1%
Hint Answer % Correct
Which city is the capital of the German federal state of Lower Saxony?Hanover
45.1%
Which town on the Weser River in Lower Saxony, Germany is associated with the 'Pied Piper'?Hamelin
44.8%
Which St. Petersburg museum, one of the largest and oldest in the world, was founded in 1764 by Catherine the Great?Hermitage Museum
37.9%
Which city in Baden-Württemberg, Germany is famous for its university founded in 1386?Heidelberg
35.6%
What is the capital of Crete?Heraklion
25.7%
Which city on the Spaarne River is the capital of the province of North Holland?Haarlem
16.3%
What is the name of the small German archipelago in the North Sea found in the German Bight?Heligoland
13.7%
Which province of southwest Spain is bordered by the Atlantic Ocean and the provinces of Badajoz, Seville, and Cádiz?Huelva
9.1%

You're not logged in!

Compare scores with friends on all Sporcle quizzes.
Sign Up with Email
OR
Log In

You Might Also Like...

Show Comments

Extras

Top Quizzes Today


Score Distribution

Your Account Isn't Verified!

In order to create a playlist on Sporcle, you need to verify the email address you used during registration. Go to your Sporcle Settings to finish the process.